A. Commentary On The Revelation Of St. John The Divine / (Record no. 17382)
[ view plain ]
| 000 -LEADER | |
|---|---|
| fixed length control field | 00619nam a2200193 4500 |
| 005 - DATE AND TIME OF LATEST TRANSACTION | |
| control field | 20220216155431.0 |
| 007 - PHYSICAL DESCRIPTION FIXED FIELD--GENERAL INFORMATION | |
| fixed length control field | 000 |
| 008 - FIXED-LENGTH DATA ELEMENTS--GENERAL INFORMATION | |
| fixed length control field | 220216b |||||||| |||| 00| 0 eng d |
| 040 ## - CATALOGING SOURCE | |
| Original cataloging agency | UOEL |
| 050 ## - LIBRARY OF CONGRESS CALL NUMBER | |
| Classification number | BS2825 .3 |
| Item number | .C35 |
| 100 ## - MAIN ENTRY--PERSONAL NAME | |
| Personal name | Caird, G.B. |
| 245 ## - TITLE STATEMENT | |
| Title | A. Commentary On The Revelation Of St. John The Divine / |
| Statement of responsibility, etc | by G.B. Caird. |
| 260 ## - PUBLICATION, DISTRIBUTION, ETC. (IMPRINT) | |
| Place of publication, distribution, etc | London; |
| Name of publisher, distributor, etc | Harper $ Row, |
| Date of publication, distribution, etc | c1966. |
| 300 ## - PHYSICAL DESCRIPTION | |
| Extent | x, 316. : |
| 440 ## - SERIES STATEMENT/ADDED ENTRY--TITLE | |
| Title | Harpers New Testament Commentaries. |
| 500 ## - GENERAL NOTE | |
| General note | Includes index, biblical and non biblical references |
| 650 ## - SUBJECT ADDED ENTRY--TOPICAL TERM | |
| Topical term or geographic name as entry element | Revelation of St. John The Divine |
| General subdivision | New Testament Commentaries |
| 942 ## - ADDED ENTRY ELEMENTS (KOHA) | |
| Source of classification or shelving scheme | Library of Congress Classification |
| Item type | Loan - Normal on open shelf |
| Withdrawn status | Lost status | Source of classification or shelving scheme | Damaged status | Not for loan | Home library | Current library | Shelving location | Date acquired | Total Checkouts | Full call number | Barcode | Date last seen | Copy number | Price effective from | Koha item type |
|---|---|---|---|---|---|---|---|---|---|---|---|---|---|---|---|
| Library of Congress Classification | UOE Main Library | UOE Main Library | Open shelf | 16/02/2022 | BS2825 .3 .C35 1966 | 20158041 | 27/04/2026 | 20158041 | 16/02/2022 | Loan - Normal on open shelf |
